LIBRARY & INFORMATION CENTRE, KCAET, TAVANUR

ONLINE PUBLIC ACCESS CATALOGUE (OPAC)

Price`s text book of the practise of medicine / (Record no. 10845)

MARC details
000 -LEADER
fixed length control field 00431cam a2200157ua 4500
041 ## - LANGUAGE CODE
Language code of text/sound track or separate title eng
082 ## - DEWEY DECIMAL CLASSIFICATION NUMBER
Classification number 610
Item number SCO/PR
100 ## - MAIN ENTRY--AUTHOR NAME
Personal name Scott, Ronald Bodley .
245 00 - TITLE STATEMENT
Title Price`s text book of the practise of medicine /
250 ## - EDITION STATEMENT
Edition statement 10 /
260 ## - PUBLICATION, DISTRIBUTION, ETC. (IMPRINT)
Place of publication London :
Name of publisher English Language Book Society ,
Year of publication 1966.
300 ## - PHYSICAL DESCRIPTION
Number of Pages 1259 ; .
942 ## - ADDED ENTRY ELEMENTS (KOHA)
Koha item type Books
Holdings
Withdrawn status Lost status Damaged status Home library Current library Date acquired Full call number Accession Number Koha item type
      KAUAET KAUAET 07/04/2012 610 SCO/PR 10919 Books
free website counter